Central Library OPAC University of Rajshahi

Analysis of resource base and exogenous factors relevant to sustainable development in A dry land-beel ecosystem in Puthia, Rajshahi / (Record no. 80564)

MARC details
000 -LEADER
fixed length control field 00963nam a22002417a 4500
001 - CONTROL NUMBER
RUCL Control Number 80564
003 - CONTROL NUMBER IDENTIFIER
rucl marc code BD-RjUL
005 - DATE AND TIME OF LATEST TRANSACTION
control field 20230406102652.0
008 - FIXED-LENGTH DATA ELEMENTS--GENERAL INFORMATION
fixed length control field 221018s2010 bg a|||| m||| 00| 0 eng d
035 ## - SYSTEM CONTROL NUMBER
system control number (BD-RjUL)80564
040 ## - CATALOGING SOURCE
Original cataloging agency BD-RjUL
Language of cataloging eng
Transcribing agency BD-RjUL
Modifying agency BD-RjUL
041 ## - LANGUAGE CODE
Language code of Book eng
082 ## - DEWEY DECIMAL CLASSIFICATION NUMBER
DDC Edition number 23
Classification number 338.927
Author mark and Year SAA 2010
100 ## - MAIN ENTRY--PERSONAL NAME
Personal name Sarker, Md. Abdul Latif
9 (RLIN) 5325
245 10 - TITLE STATEMENT
Title Analysis of resource base and exogenous factors relevant to sustainable development in A dry land-beel ecosystem in Puthia, Rajshahi /
Statement of responsibility, etc By Md. Abdul Latif Sarker ;
Name of Supervisor/Co-Supervisor Supervisor : M. Iqbal Zuberi
260 ## - PUBLICATION, DISTRIBUTION, ETC. (IMPRINT)
Place of publication, distribution, etc Rajshahi :
Name of publisher, distributor, etc Department of Botany, University of Rajshahi,
Date of publication, distribution, etc 2010
300 ## - PHYSICAL DESCRIPTION
Pagination xii,99 leaves :
Other physical details ill, ;
Dimensions 29.cm.
502 ## - DISSERTATION NOTE
Dissertation note Thesis (M. Phil.) -- Department of Botany, University of Rajshahi, 2010
504 ## - BIBLIOGRAPHY, ETC. NOTE
Bibliography, etc References : Leaves 97 - 99
650 ## - SUBJECT ADDED ENTRY--TOPICAL TERM
Topical term or geographic name as entry element Sustainable development
Form subdivision Production
9 (RLIN) 5326
700 ## - ADDED ENTRY--SUPERVISOR/CO-SUPERVISOR NAME
Personal name Zuberi, M. Iqbal, Supervisor
9 (RLIN) 5327
942 ## - ADDED ENTRY ELEMENTS (KOHA)
Source of classification or shelving scheme Dewey Decimal Classification
Koha item type Theses
Holdings
Source of classification or shelving scheme Damaged status Not for loan Collection code Permanent Location Current Location Shelving location Date of accession Source of acquisition Total Checkouts Full call number Barcode Date last seen Copy number Thesis
Dewey Decimal Classification   Not For Loan Theses Central Library, University of Rajshahi Central Library, University of Rajshahi Documentation Section 11/11/2012 Controller of Exam. R.U   THE 338.927 SAA 2010 D3369 18/10/2022 C-1 Theses